| 000 | 00000nam##2200000za#4500 |
| 001 | 9.688503 |
| 003 | CaOODSP |
| 005 | 20210624231445 |
| 007 | cr ||||||||||| |
| 008 | 150407|2001||||xxc|||||o f|0| 0 eng|d |
| 040 | |aCaOODSP|beng |
| 043 | |an-cn--- |
| 086 | 1 |aSW21-64/2000E-PDF |
| 110 | 1 |aCanada. |bStatus of Women Canada. |
| 245 | 10|aSocial policy, gender inequality and poverty / |h[electronic resource]|c[by] Lorraine Davis ... [et al.]. |
| 260 | |aOttawa - Ontario : |bStatus of Women Canada |c2001. |
| 300 | |a102p.|breferences, tables |
| 500 | |a"The purpose of this study is to identify ways in which income security policies affect mothers differently and to outline life-course trajectories that are most likely to lead to poverty among women."--Abstract. |
| 500 | |aThe catalogue number and ISBN for the bilingual print edition have been incorrectly copied in this electronic publication. |
| 520 | 3 |aThe purpose of this study is to identify ways in which income security policies affect mothers differently and to outline life-course trajectories that are most likely to lead to poverty among women.--Abstract |
| 590 | |a06-10-Supp|b2006-12-15 |
| 690 | 07|aIncome security|2gcpds |
| 690 | 07|aPoverty|2gcpds |
| 690 | 07|aSocial policy|2gcpds |
| 690 | 07|aStatus of women|2gcpds |
| 720 | 1 |aDavis, Lorraine |
| 775 | 08|tPolitique sociale, disparité entre les sexes et pauvreté / |w(CaOODSP)9.632928 |
| 776 | 0#|tSocial policy, gender inequality and poverty / |w(CaOODSP)9.662305 |
| 776 | 0#|tPolitique sociale, disparité entre les sexes et pauvreté / |w(CaOODSP)9.662306 |
| 856 | 40|ahttp://publications.gc.ca|qPDF|s481 KB|uhttps://publications.gc.ca/collections/Collection/SW21-64-2000E.pdf |